| 000 | 00845cam a2200253 4500 | ||
|---|---|---|---|
| 008 | 000000n2000 000 0 eng u | ||
| 022 | _a09644575 | ||
| 035 | _a(Sirsi) u104167 | ||
| 041 | _aeng | ||
| 050 | _a692.80212 | ||
| 110 |
_aUnited Kingdom _bDepartment of the Environment, Transport and the Regions _93507 |
||
| 245 | _aPrice adjustment formulae for construction contracts : monthly bulletin of indices. - January - December 2000 | ||
| 260 |
_aLondon _bStationery Office _c2000 |
||
| 300 | _a1 vol; 30cm. | ||
| 350 | _a110.00 | ||
| 650 | _aBAXTER INDICES | ||
| 650 | _aBUILT ENVIRONMENT-BUILDING CONTRACT FORMS | ||
| 650 | _aNEDO INDICES | ||
| 650 | _aOSBORNE INDICES | ||
| 650 | _aPRICE ADJUSTMENT FORMULAE | ||
| 650 | _aPROPERTY SERVICES AGENCY | ||
| 690 | _aBUILT ENVIRONMENT-BUILDING CONTRACT FORMS | ||
| 942 | _n0 | ||
| 999 |
_c100219 _d100219 |
||